Art in context (Record no. 36146)
[ view plain ]
| 000 -LEADER | |
|---|---|
| fixed length control field | 01643nam a22003614a 4500 |
| 082 04 - DEWEY DECIMAL CLASSIFICATION NUMBER | |
| Classification number | 701/.17 |
| 100 1# - MAIN ENTRY--AUTHOR NAME | |
| Personal name | Fenner, David E. W. |
| 245 10 - TITLE STATEMENT | |
| Title | Art in context |
| 260 ## - PUBLICATION, DISTRIBUTION, ETC. (IMPRINT) | |
| Place of publication | Athens : |
| Name of publisher | Swallow Press/Ohio University Press, |
| Year of publication | c2008. |
| 300 ## - PHYSICAL DESCRIPTION | |
| Number of Pages | xviii, 350 p. |
| 505 0# - FORMATTED CONTENTS NOTE | |
| Formatted contents note | A theory of "the aesthetic" -- The value of art -- Disinterest theory and formalist theory -- Contextualist theory -- Issues of definition -- Issues concerning the power of art -- Issues of meaningfulness -- Science and contextualist aesthetics -- A review of the arguments and evidence. |
| 650 #0 - SUBJECT ADDED ENTRY--TOPICAL TERM | |
| Topical Term | Aesthetics. |
| Topical Term | Experience. |
| Topical Term | Art |
| 856 40 - ELECTRONIC LOCATION AND ACCESS | |
| Uniform Resource Identifier | http://site.ebrary.com/lib/rucke/Doc?id=10246272 |
No items available.
